000 01168nam a2200313Ia 4500
001 151326
003 245110
005 20241005062816.0
008 160429n ||||||||| 000 0 spa d
082 _a303.33
100 _aVarela Barrios, Édgar
_978804
245 0 _aEl desarrollo regional como referente en el diseño e implementación de políticas públicas de promoción de paz
_bel caso del Macizo Colombiano y el Alto Patía, en el sur del país
250 _aPrimera edición
504 _aIncluye bibliografía.
562 _e2
650 _aALTO PATÍA (REGIÓN, COLOMBIA)--CONDICIONES ECONÓMICAS
_9186969
650 _aALTO PATÍA (REGIÓN, COLOMBIA)--CONDICIONES SOCIALES
_9186970
650 0 _aConflicto armado
_910156
650 0 _aConflicto armado
_910156
650 _aDESARROLLO REGIONAL--ALTO PATÍA (REGIÓN, COLOMBIA)
_9186973
650 _aDESARROLLO REGIONAL--MACIZO COLOMBIANO (REGIÓN, COLOMBIA)
_9186974
650 _aMACIZO COLOMBIANO (REGIÓN, COLOMBIA)--CONDICIONES ECONÓMICAS
_9186975
650 0 _aProceso de paz
_93967
942 _cBKM
999 _c151326
_d151326
526 _a105630
526 _a1698
526 _a19790
526 _a104436